Statistics for Largest U.S. Metro Areas not in a Megaregion

Click here to take the quiz!

General Stats

  • This quiz has been taken 161 times
  • The average score is 14 of 16

Answer Stats

StatePopulationCity% Correct
Hawaii1,016,508Honolulu
99%
Arkansas748,031Little Rock
98%
Iowa709,466Des Moines
96%
Nebraska967,604Omaha
95%
Mississippi591,978Jackson
94%
New York899,262Albany
92%
Texas868,859El Paso
92%
South Carolina799,636Charleston
91%
Kansas647,610Wichita
91%
Tennessee879,773Knoxville
87%
New York662,057Syracuse
85%
South Carolina829,470Columbia
83%
Kentucky516,811Lexington
82%
Tennessee562,647Chattanooga
77%
Georgia611,000Augusta
69%
Arkansas546,725Fayetteville
57%

Score Distribution

Percentile by Number Answered

Percent of People with Each Score

Your Score History

You have not taken this quiz